Wo bleiben die Jungen? Neue Aspekte geschlechtsbezogener Pädagogik

Gespeichert in:  
Bibliographische Detailangaben
1. VerfasserIn: Wienholz, Margit (Verfasst von)
Medienart: Druck Aufsatz
Sprache:Deutsch
Veröffentlicht: 1992
In: Sozialpädagogik
Jahr: 1992, Band: 34, Heft: 5, Seiten: 210-222
Verfügbarkeit prüfen: HBZ Gateway
Schlagwörter:

MARC

LEADER 00000caa a22000002c 4500
001 1640184600
003 DE-627
005 20220608131326.0
007 tu
008 160223s1992 xx ||||| 00| ||ger c
035 |a (DE-627)1640184600 
035 |a (DE-576)456076581 
035 |a (DE-599)BSZ456076581 
040 |a DE-627  |b ger  |c DE-627  |e rakwb 
041 |a ger 
100 1 |a Wienholz, Margit  |4 aut 
245 1 0 |a Wo bleiben die Jungen? Neue Aspekte geschlechtsbezogener Pädagogik  |c Margit Wienholz 
264 1 |c 1992 
336 |a Text  |b txt  |2 rdacontent 
337 |a ohne Hilfsmittel zu benutzen  |b n  |2 rdamedia 
338 |a Band  |b nc  |2 rdacarrier 
773 0 8 |i In  |t Sozialpädagogik  |d Gütersloh : Mohn, 1959  |g 34(1992), 5, Seite 210-222  |w (DE-627)130126179  |w (DE-600)506938-5  |w (DE-576)015660702  |x 0038-6189  |7 nnas 
773 1 8 |g volume:34  |g year:1992  |g number:5  |g pages:210-222 
935 |a mkri 
951 |a AR 
ELC |b 1 
LOK |0 000 xxxxxcx a22 zn 4500 
LOK |0 001 3301596924 
LOK |0 003 DE-627 
LOK |0 004 1640184600 
LOK |0 005 20160223101320 
LOK |0 008 160208||||||||||||||||ger||||||| 
LOK |0 040   |a DE-21-110  |c DE-627  |d DE-21-110 
LOK |0 689   |a s  |a Geschlechtsrolle 
LOK |0 689   |a s  |a Geschlechtererziehung 
LOK |0 852   |z Kein Bestand am IfK; Nachweis für KrimDok 
LOK |0 852   |a DE-21-110 
LOK |0 852 1  |m v  |9 00 
LOK |0 935   |a k110 
LOK |0 938   |k v 
LOK |0 939   |a 08-02-16  |b l01 
ORI |a SA-MARC-krimdoka001.raw